| 000 | 00764nam a2200205 a 4500 | ||
|---|---|---|---|
| 005 | 20231207063617.0 | ||
| 008 | 991125s1998 es 000 0 spa u | ||
| 020 | _a8485252241 | ||
| 035 | _aUPN01000024393 | ||
| 049 | _aCG | ||
| 050 | 4 |
_aLC4007 _bR44 no.10 |
|
| 100 | 1 | _aPelarda de Rueda, Mariana | |
| 245 | 1 | 0 |
_aFichas para la reeducación de dislexias II-III : _bejercicios recomendados para la corrección de dificultades de aprendizaje y como trabajo complementario en la etapa escolar / _cMariana Pelarda de Rueda, Albertina Gómez Alvarez. |
| 260 |
_aMadrid : _bCEPE, _c1998. |
||
| 300 |
_a319 p. : _bil. col. |
||
| 440 | 0 |
_aCuadernos de recuperación ; _v10 |
|
| 650 | 2 |
_aDislexia _97896 |
|
| 700 | 1 |
_aGómez Alvarez, Albertina, _ecoaut. |
|
| 905 | _aLibro | ||
| 999 |
_c24393 _d24393 |
||